| 000 | 00454nam a2200193Ia 4500 | ||
|---|---|---|---|
| 005 | 20250425160814.0 | ||
| 008 | 250425s9999 xx 000 0 und d | ||
| 020 | _a9684960379 | ||
| 041 | _aspa | ||
| 082 | _a303.40972 | ||
| 100 | _aGALINDO, LUIS JESUS | ||
| 245 | 0 | _aANALISIS DEL DISCURSO DEL ESTADO MEXICANO | |
| 250 | _a1A ED. | ||
| 260 | _aMEXICO | ||
| 260 |
_aMéxico _bCASA CHATA _c1984 |
||
| 300 | _a127 | ||
| 942 | _c01 | ||
| 010 | _a5675 | ||
| 999 |
_c196491 _d196491 |
||